Crime Control Act of 1976 : P.L. 94-503, 90 Stat. 2407, October 15, 1976.
| Corporate Authors: | , |
|---|---|
| Format: | eBook |
| Language: | English |
| Published: |
[Washington, D.C.] :
[Arnold and Porter],
[1976]
|
| Series: | U.S. federal legislative history library.
Core collection. Gun regulation and legislation in America. |
| Subjects: | |
| Online Access: | Connect to the full text of this electronic book |
MARC
| Tag | First Indicator | Second Indicator | Subfields |
|---|---|---|---|
| LEADER | 00000cam a2200000 i 4500 | ||
| 001 | in00004407939 | ||
| 005 | 20210422111733.0 | ||
| 006 | m fo d f | ||
| 007 | cr bn nnnauuuu | ||
| 008 | 140130s1976 dcu ol 000 0 eng d | ||
| 035 | |a ccn00436887 | ||
| 040 | |a NjRocCCS |b eng |e rda |c NjRocCCS |d UtOrBLW | ||
| 043 | |a n-us--- | ||
| 050 | 4 | |a KF9223.A3281976 |b A15 1976 | |
| 110 | 1 | |a United States, |e enacting jurisdiction. |0 http://id.loc.gov/authorities/names/n78095330 | |
| 245 | 1 | 0 | |a Crime Control Act of 1976 : |b P.L. 94-503, 90 Stat. 2407, October 15, 1976. |
| 246 | 1 | |i HeinOnline index title: |a Legislative history of the Crime Control Act of 1976 P.L. 94-503 | |
| 246 | 3 | 0 | |a P.L. 94-503 |
| 246 | 3 | 0 | |a 90 Stat. 2407 |
| 246 | 3 | 0 | |a P.L. 94-503, 90 Stat. 2407 |
| 246 | 3 | |a Public Law 94-503 | |
| 264 | 1 | |a [Washington, D.C.] : |b [Arnold and Porter], |c [1976] | |
| 264 | 2 | |a [Getzville, New York] : |b William S. Hein and Company, |c [2013] | |
| 300 | |a 1 online resource (3 volumes, various pagings). | ||
| 336 | |a text |b txt |2 rdacontent | ||
| 337 | |a computer |b c |2 rdamedia | ||
| 338 | |a online resource |b cr |2 rdacarrier | ||
| 490 | 1 | |a HeinOnline U.S. federal legislative history library | |
| 490 | 1 | |a HeinOnline core collection | |
| 490 | 1 | |a HeinOnline gun regulation and legislation in America | |
| 588 | |a Description based on PDF title page, viewed January 30, 2014. | ||
| 500 | |a "An Act: To amend title I of the Omnibus Crime Control and Safe Streets Act of 1968, and for other purposes.": [Volume] 1, Document Number 1. | ||
| 610 | 1 | 0 | |a United States. |t Crime Control Act of 1976 |x Legislative history. |
| 650 | 0 | |a Law enforcement |x Law and legislation |z United States. | |
| 650 | 0 | |a Federal aid to law enforcement agencies. |0 http://id.loc.gov/authorities/subjects/sh85047576 | |
| 650 | 0 | |a Criminal justice, Administration of. |0 http://id.loc.gov/authorities/subjects/sh85034049 | |
| 655 | 7 | |a Electronic books. |2 local | |
| 655 | 7 | |a Legislative histories. |2 lcgft |0 http://id.loc.gov/authorities/genreForms/gf2011026361 | |
| 710 | 2 | |a Arnold & Porter, |e compiler. |0 http://id.loc.gov/authorities/names/n85057863 | |
| 710 | 1 | |a United States. |t Crime Control Act of 1976. |0 http://id.loc.gov/authorities/names/no2014019773 | |
| 830 | 0 | |a U.S. federal legislative history library. | |
| 830 | 0 | |a Core collection. | |
| 830 | 0 | |a Gun regulation and legislation in America. | |
| 856 | 4 | 0 | |u http://proxy.library.tamu.edu/login?url=https://www.heinonline.org/HOL/Index?index=leghis/legcrimcon&collection=gun |z Connect to the full text of this electronic book |t 0 |
| 949 | |a KF 9223 .A3281976 A15 1976 |w LC |c 1 |i 436887-2001 |d 2/7/2014 |l MAIN |m HEN |q 1 |r Y |s Y |t WEB |u 2/7/2014 |x ENG |z N-US | ||
| 999 | f | f | |s c79aae13-aa1c-302e-8cb2-0616e5dd898d |i 9006a476-9160-31bb-b505-4b4d34f9344e |t 0 |
| 952 | f | f | |a Texas A&M University |b College Station |c Electronic Resources |d Available Online |t 0 |e KF9223.A3281976 A15 1976 |h Library of Congress classification |
| 998 | f | f | |a KF9223.A3281976 A15 1976 |t 0 |l Available Online |